Á lódáil...
Art of travel: essays on travel writing/
| Údair Eile: | |
|---|---|
| Formáid: | Printed Book |
| Foilsithe: |
London:
Frank Cass,
c1982.
|
| Ábhair: |
| LEADER | 00541nam a22001577a 4500 | ||
|---|---|---|---|
| 020 | |a 9780714632056 | ||
| 082 | |a 809.933 2 |b PHI/A | ||
| 245 | |a Art of travel: |b essays on travel writing/ |c edited by Philip Dodd. | ||
| 260 | |a London: |b Frank Cass, |c c1982. | ||
| 300 | |a 164p. | ||
| 650 | |a Rhetoric Travelogue | ||
| 650 | |a Literature | ||
| 700 | |a Philip Dodd (ed.) | ||
| 942 | |c BK | ||
| 999 | |c 59578 |d 59578 | ||
| 952 | |0 0 |1 0 |4 0 |6 809_933000000000000_2_PHI_A |7 0 |9 82989 |a SSUS |b SSUS |c STACKS |d 2016-03-28 |g 11374.00 |o 809.933 2 PHI/A |p 081592 |r 2016-03-28 |w 2016-03-28 |y BK | ||